Регионална библиотека "Любен Каравелов" - Русе

Градим Полша на нашите мечти (Запис номер 476406)

MARC детайли
000 -Лидер
Контролно поле с фиксирана дължина nam a22 a 4500
003 - Код на организацията, давaща контролен номер
Контролно поле BLK
005 - Дата и час на последна редакция
Контролно поле 20221018161734.0
008 - Елементи от данни с фиксирана дължина
fixed length control field 220920b bul|||||r ||||||| ||bul||
040 ## - Източник на каталожния запис
Идентификатор на билиотеката - собственик на записа BLK
041 ## - Код за език
Код за езика на текст/звукозапис или на отделно заглавие Български
Код за езика КДБФ Български
080 ## - УДК
Текстов определител УДК Комунистически партии. Вж и 327.323
УДК код - определител по УДК 329.15
УДК определител (438)
УДК - код + определител 329.15(438)
100 ## - Редна дума - Автор
Автор Герек, Едвард
Авторска отговорност първи автор
R(LIN) 481871
139 ## - Редно поле
Редна дума Герек, Едвард
245 10 - Сведения за заглавието
Заглавие Градим Полша на нашите мечти
Подзаглавни данни [Избрани] речи и статии
Редно поле (дума) Едвард Герек ; прев. от пол. Магдалена Атанасова
257 ## - Страна на издаване
Страна на създаване/издаване България
260 ## - Област на издателските данни
Място на издаване, разпространение и проч. София
Име на издателя, разпространителя и проч. Партиздат
Година на издаване 1976
300 ## - Физическа характеристика
Страници 471 с.
Илюстрации и др. 1 л. портр.
Размери/Мащаб 21 см
380 ## - Жанр
Жанр Обществени науки
490 ## - СЕРИИ (Колекции)
Име на серия Политически дейци на нашето време
9 (RLIN) 205821
650 #7 - Допълнително описание по предмет – тема
9 (RLIN) 159105
Основно описание – тема или топоним Комунистически партии
651 #7 - Допълнително описание по предмет - топоним
9 (RLIN) 179388
Географско понятие Полша
653 #7 - Ключова дума – ненормативна
Ключова дума комунизъм
9 (RLIN) 188971
653 #7 - Ключова дума – ненормативна
Ключова дума дейци
9 (RLIN) 184702
700 ## - Други автори (авторска отговорност)
Лично име Атанасова, Магдалена
Автороска отговорност (Описва отношението между автора и произведението) прев. от пол.
9 (RLIN) 480946
852 ## - Местоположение
Форматна сигнатура Цб 81915
Фондова буква Хранилище
856 ## - Електронен адрес и достъп
Инструкция (цена за достъп) 0.00
Права за достъп disable
999 ## - СИСТЕМНИ КОНТРОЛНИ НОМЕРА
Koha biblionumber 476406
Koha biblioitemnumber 476406
942 ## - АРТИКУЛИ
Вид на библиотечния материал Книги
Скрит в OPAC Не
Периодичен библиозапис Да
944 ## - СЪЗДАВАНЕ И РЕДАКЦИЯ на ЗАПИСА
Създаване/Редакция Създаване
Дата на регистрацията/редакция 2022-10-18
Служител, извършил регистрацията/редакцията нр
999 ## - СИСТЕМНИ КОНТРОЛНИ НОМЕРА
Koha biblioitemnumber 476402
Наличности
Код за отписване Код за изгубен артикул Източник на класификационната схема Код за повреда Коз за рестрикции Код за отдаване Артикулен № Име на библиотеката - собственик Име на библиотеката, в която се намира в момента Статус (Текущо местоположение) Дата на вписване в системата Местоположение - отдел Цена в лева Инвентарен номер Систематично азбучна сигнатура Баркод Цена в евро Служебен тип на артикула
  Не е изгубен Universal Decimal Classification Не е повреден само за читалня ползва се в читалня 908407 Регионална библиотека "Любен Каравелов" Русе Регионална библиотека "Любен Каравелов" Русе Хранилище 2022-10-19 Хранилище 2.09 209086 Цб 81915 120000209086 1.07 Книги
Vip Innovations Ltd, Rousse, Bulgaria 2025